| 000 | 00651nam a2200217 u 4500 | ||
|---|---|---|---|
| 005 | 20231014063807.0 | ||
| 008 | 100427s2008 r 000 0 eng d | ||
| 020 | _a9789508022745 | ||
| 035 | _aUPN01000175556 | ||
| 049 | _aCG | ||
| 050 | 4 |
_aRC564 _bC8.2 |
|
| 100 | 1 | _aCuatrocchi, Estela Mónica | |
| 245 | 1 | 3 |
_aLa adicción a las drogas : _bsu recuperación en comunidad terapéutica / _cEstela Mónica Cuatrocchi. |
| 260 |
_aBuenos Aires : _bEspacio, _c2008. |
||
| 300 | _a154 p. | ||
| 440 | 0 |
_aCiencias sociales. _pNovedades |
|
| 650 | 4 |
_aAbuso de drogas _9242 |
|
| 650 | 2 |
_aDrogadicción _95914 |
|
| 650 | 2 |
_aAdicción _9408 |
|
| 905 | _aLibro | ||
| 999 |
_c147660 _d147660 |
||